000 00249nam a22001097a 4500
082 _a823/BAN
100 _aBanker Ashok K.
_980693
245 _aAshok Lion of Maurya
260 _aChennai
_bWestland Pub
_c2016
650 _aNovel
_980694
942 _cBK
999 _c63975
_d63975